000 01252cam a2200313 i 4500
001 1329291
003 OSt
005 20110428121620.0
008 780825s1976 sw b 100 0 eng
010 _a 78363054
015 _aS78***
040 _aDLC
_cDLC
_dDLC
041 0 _aengrus
050 0 0 _aHV6171
_b.S43 1974
082 0 0 _a364.CRI
111 2 _aSeminar for Criminologists from Socialist and Scandinavian Countries,
_b1st,
_cHelsinki, Finland,
_d1974.
_92055
245 1 0 _aCrime and industrialization =
_b[Prestupnostʹ i industrializat͡s︡ii͡a︡] /
_cFirst Seminar for Criminologists from Socialist and Scandinavian Countries.
260 _aStockholm :
_bScandinavian Research Council for Criminology,
_c1976.
300 _a284 p. :
_bgraphs ;
_c25 cm.
500 _aEnglish and Russian.
504 _aIncludes bibliographies.
650 0 _aCriminology
_xCongresses.
_92056
650 0 _aIndustries
_xSocial aspects
_xCongresses.
_92057
710 2 _aScandinavian Research Council for Criminology.
_92058
740 _aPrestupnostʹ i industrializat͡s︡ii͡a︡.
906 _a7
_bcbc
_corignew
_d4
_encip
_f19
_gy-gencatlg
942 _2ddc
_cBK
999 _c754
_d754